<?xml version="1.0" encoding="UTF-8"?>
<collection xmlns="http://www.loc.gov/MARC21/slim">
 <record>
  <leader>     na                 </leader>
  <controlfield tag="001">INLIS000000000698311</controlfield>
  <controlfield tag="005">20251028113832</controlfield>
  <datafield tag="035" ind1=" " ind2=" ">
   <subfield code="a">0010-1025000257</subfield>
  </datafield>
  <controlfield tag="007">ta</controlfield>
  <controlfield tag="008">251028                a          0 ind  </controlfield>
  <datafield tag="040" ind1=" " ind2=" ">
   <subfield code="a">JIPUBAY</subfield>
  </datafield>
  <datafield tag="100" ind1="0" ind2=" ">
   <subfield code="a">Dian Susanti</subfield>
   <subfield code="e">Pengarang</subfield>
  </datafield>
  <datafield tag="245" ind1="1" ind2=" ">
   <subfield code="a">Jelajah Alam Semesta :</subfield>
   <subfield code="b">Cookie Run Sweet Escape Adventure! /</subfield>
   <subfield code="c">Dian Susanti ; Editor, Dina</subfield>
  </datafield>
  <datafield tag="250" ind1=" " ind2=" ">
   <subfield code="a">Cetakan pertama</subfield>
  </datafield>
  <datafield tag="300" ind1=" " ind2=" ">
   <subfield code="a">176 halaman :</subfield>
   <subfield code="b">ilust ;</subfield>
   <subfield code="c">21 cm</subfield>
  </datafield>
  <datafield tag="020" ind1=" " ind2=" ">
   <subfield code="a">9786230049224</subfield>
  </datafield>
  <datafield tag="082" ind1=" " ind2=" ">
   <subfield code="a">741.5</subfield>
  </datafield>
  <datafield tag="084" ind1=" " ind2=" ">
   <subfield code="a">741.5 DIA e</subfield>
  </datafield>
  <datafield tag="264" ind1=" " ind2=" ">
   <subfield code="a">Jakarta :</subfield>
   <subfield code="b">PT. Alex Media Komputindo,</subfield>
   <subfield code="c">2023</subfield>
  </datafield>
  <datafield tag="336" ind1=" " ind2=" ">
   <subfield code="2">rdacontent</subfield>
   <subfield code="a">teks</subfield>
  </datafield>
  <datafield tag="337" ind1=" " ind2=" ">
   <subfield code="2">rdamedia</subfield>
   <subfield code="a">tanpa perantara</subfield>
  </datafield>
  <datafield tag="338" ind1=" " ind2=" ">
   <subfield code="2">rdacarrier</subfield>
   <subfield code="a">volume</subfield>
  </datafield>
  <datafield tag="520" ind1=" " ind2=" ">
   <subfield code="a">Cookie Run: Sweet Escape Adventure! - Jelajah Alam Semesta adalah buku yang akan membawamu ke petualangan yang luar biasa bersama para cookie favoritmu! Dalam buku ini, kamu akan menjelajahi berbagai planet di alam semesta, bertemu dengan makhluk-makhluk luar biasa, dan menyelesaikan berbagai misi. Kamu juga akan belajar tentang sejarah dan budaya berbagai planet, serta tentang berbagai jenis makanan dan minuman yang ada di alam semesta.&#13;
&#13;
Buku ini cocok untuk anak-anak usia 6-12 tahun. Buku ini ditulis dengan bahasa yang sederhana dan mudah dipahami, serta dilengkapi dengan ilustrasi yang menarik. Buku ini juga akan mengajarkan anak-anak tentang pentingnya kerja sama, persahabatan, dan keberanian.&#13;
&#13;
Sinopsis Buku:&#13;
Apa yang Terjadi jika Gunung Berapi Meletus? Apa Persamaan Benda yang Mengeluarkan Suara? Benarkah di Bulan Tidak Ada Suara?! Bagaimana Membedakan Jenis Kelamin Binatang? Bagaimana Peran Binatang Jantan dan Betina? Benda Apa yang Bisa Menempel di Magnet? Apa Itu Stratum? Batuan Apa yang Membentuk Stratum? Cari tahu semua jawabannya bersama para cookie yang lucu dan menggemaskan! Mereka akan membawa kalian berjelajah dan mengenal fenomena-fenomena sains yang ada di alam semesta yang luas ini!</subfield>
  </datafield>
  <datafield tag="650" ind1=" " ind2="4">
   <subfield code="a">Komik , Bacaan</subfield>
  </datafield>
  <datafield tag="700" ind1="0" ind2=" ">
   <subfield code="a">Dina</subfield>
   <subfield code="e">Penyunting</subfield>
  </datafield>
  <datafield tag="850" ind1=" " ind2=" ">
   <subfield code="a">JIPUBAY</subfield>
  </datafield>
  <datafield tag="990" ind1=" " ind2=" ">
   <subfield code="a">00859/DPKBWI/2025</subfield>
  </datafield>
  <datafield tag="990" ind1=" " ind2=" ">
   <subfield code="a">00860/DPKBWI/2025</subfield>
  </datafield>
  <datafield tag="990" ind1=" " ind2=" ">
   <subfield code="a">00861/DPKBWI/2025</subfield>
  </datafield>
 </record>
</collection>
